Risk impact on the quality of accounting information provided in the current conditions of globalization

Globalizačné tendencie v ekonomike majú za následok, že stúpa miera rizík, ktoré ovplyvňujú vnútorné aj vonkajšie prostredie obchodnej spoločnosti. Určitá miera rizík vzniká aj v centrách zdieľaných služieb zriadených národnou korporáciou. Jej úlohou bude sa naučiť identifikovať a riadiť riziká. Efe...

Descrizione completa

Salvato in:
Dettagli Bibliografici
Autore principale: Mateášová, Martina, 1979-
Natura: Capitolo di libro
Lingua:slovacco
Soggetti:
Tags: Aggiungi Tag
Nessun Tag, puoi essere il primo ad aggiungerne!!

MARC

LEADER 00000nla a2200000 4500
001 0227788
005 20240502083613.5
041 0 |a slo 
044 |a CZ 
245 1 0 |a Risk impact on the quality of accounting information provided in the current conditions of globalization  |c Martina Mateášová 
520 |a Globalizačné tendencie v ekonomike majú za následok, že stúpa miera rizík, ktoré ovplyvňujú vnútorné aj vonkajšie prostredie obchodnej spoločnosti. Určitá miera rizík vzniká aj v centrách zdieľaných služieb zriadených národnou korporáciou. Jej úlohou bude sa naučiť identifikovať a riadiť riziká. Efektívnym nástrojom je zavedenie tzv. risk manažmentu. 
610 2 0 |a globalizácia 
610 2 0 |a centralizácia 
610 2 0 |a riadenie rizík 
610 2 0 |a riziko 
100 1 |a Mateášová, Martina, 1979-